000 00330nam a22001337a 4500
008 171221b xxu||||| |||| 00| 0 eng d
020 _a1560550759
041 _aeng
080 _a517
100 _a8
101 _aOFT
245 _aBASIC AND CLINIBAL SCIENCE COURSE UPDATE GENERAL MEDICINE
_cBULLOCK.J.D
942 _2udc
_cBK
999 _c39267
_d39267